Principais Antagonistas nos Jogos - Statistics

General Stats
  • This quiz has been taken 12 times
  • The average score is 5 of 10
Answer Stats
Jogo Personagem % Correct
Resident Evil 3 Nemesis
91%
Super Mario Bros. Bowser
73%
Five Nights at Freddy's 3 Springtrap/William Afton
64%
Sonic the Hedgehog Dr. Robotnik
55%
Legend of Zelda (1986) Ganondorf
45%
Final Fantasy VII Sephiroth
45%
Silent Hill 2 Pyramid Head
36%
PacMan The Ghosts
36%
Half Life 2 Dr. Wallace Breen
27%
Portal 2 Wheatley
27%
No matching quizzes found
Score Distribution
Percent of People with Each Score
Percentile by Number Answered
Your Score History
You have not taken this quiz